| 000 | 01484 a2200277 4500 | ||
|---|---|---|---|
| 005 | 20080927104252.0 | ||
| 008 | 080927t xxu||||| |||| 00| 0 hin d | ||
| 010 | _aHIN-77650 | ||
| 020 |
_a8126312602 _c130.00 |
||
| 035 | _aHN-50096 | ||
| 035 | _aB-317716 | ||
| 037 | _bD.B.Act / pub | ||
| 082 | _a822 | ||
| 100 | _aमीरा कान्त | ||
| 245 |
_aकन्धे पर बैठा था शाप _cमीरा कान्त |
||
| 246 |
_aKande par batt th shap _bby Mira Kant |
||
| 260 |
_aनई दिल्ली _bभारतीय ज्ञानपीठ _c2006 |
||
| 300 |
_a163पृ _c22 सेमी (सजिल्द) |
||
| 490 | _a(लोकोदय ग्रंथमालाःग्रंथांक 833) | ||
| 650 | _aहिन्दी नाटक | ||
| 650 | _aHindi Poerty | ||
| 942 |
_adpl _cHN _k822 / मीराका _2ddc _h822 _mमीराका |
||
| 999 |
_c2636 _d2636 |
||